LEADER 01078nam a2200289 i 4500 001 991003858739707536 005 20020509133337.0 008 990318s1978 fr ||| | fre 035 $ab11225361-39ule_inst 035 $aPARLA189894$9ExL 040 $aDip.to Scienze dell'Antichità$bita 041 0 $afrelat 100 1 $aGellius, Aulus$0172352 245 14$aLes nuits attiqueslivres 5.-10 /$cAulu-Gelle ; texte établi et traduit par René Marache 260 $aParis :$bLes Belles Lettres,$c1978 300 $aXV, 228 p. (1-191 doppie) ;$c20 cm. 490 0 $aCollection des Universités de France. Série latine 500 $aTesto latino a fronte. 650 4$aGellio, Aulo 700 1 $aMarache, René 740 0 $aNoctes Atticae A 907 $a.b11225361$b23-02-17$c01-07-02 912 $a991003858739707536 945 $aLE007 I Coll. 4 Gellius 02$g1$i2015000033888$lle007$o-$pE0.00$q-$rn$so $t0$u0$v0$w0$x0$y.i11379832$z01-07-02 996 $aNuits attiqueslivres 5.-10$9867961 997 $aUNISALENTO 998 $ale007$b01-01-99$cm$da $e-$ffre$gfr $h4$i1